000 00834nam a22002537a 4500
999 _c33771
_d33771
001 3059
003 CO-MdFUSB
005 20180622073129.0
008 180427s1996 xxu||||| |||| 00| 0 spa d
020 _a1-56063-530-4
040 _aCO-MdFUSB
_bspa
_cCO-MdFUSB
_dCO-MdFUSBC
_erda
041 0 _aspa
_heng
082 0 4 _aG 228.07 C5451a
100 1 _aCho, Paul Yonggi (1936-)
_eautor
245 1 3 _aEl apocalipsis
_b : Visiones de nuestra final victoria en Cristo
_c/ Paul Yonggi Cho
264 1 _aMiami, Florida :
_bUnilit,
_c[1996]
300 _a196 Pag.
336 _2rdacontent
_atexto
_btxt
337 _2rdamedia
_asin mediación
_bn
338 _2rdacarrier
_avolumen
_bnc
500 _aTítulo original : Revelation : visions of our ultimate victory in Christ
653 _aBiblia N.T. - Apocalipsis - Comentarios
942 _cBK